| 000 | 00539nam a2200181 a 4500 | ||
|---|---|---|---|
| 001 | 3678 | ||
| 003 | CDMR | ||
| 005 | 20130326184609.0 | ||
| 008 | 130130s1992||||||||||||||||||||||||||||d | ||
| 020 | _a8429735666 | ||
| 040 |
_aCDMR _bcat _cCDMR |
||
| 100 | 1 |
_aRoig, Montserrat _92620 |
|
| 245 | 1 | 3 |
_aUn pensament de sal, un pessic de pebre _b: dietari obert 1990-1991 _cMontserrat Roig ; pròleg de J.M. Castellet |
| 260 |
_aBarcelona _c1992 _bEdicions 62 |
||
| 300 |
_a470 p ; _c20 cm |
||
| 490 | 0 |
_aBiografies i Memòries _v19 |
|
| 942 |
_cMON _2udc |
||
| 999 |
_c3678 _d3678 |
||